1262 1479 1450 1177 1981 1325 1001 1968 1442 1678 1095 1404 1411 1089 1815 1109 1566 1171 1943 1231 1160 1296 1743 1295 1540 1858 1481 1934 1599 1432 1625 1491 1129 1207 1010 1995 1996 1332 1555 1923 1600 1730 1042 1974 1687 1054 1948 1503 1206 1149 1149 1388 1435 1883 1348 1084 1587 1028 1478 1269 1408 1477 1869 1432 1691 1292 1725 1986 1401 1150 1675 1696 1049 1890 1727 1693 1483 1490 1149 1427 1503 1681 1400 1387 1535 1550 1773 1471 1972 1350 1520 1834 1211 1355 1245 1200 1502 1976 1548 BCNSPRNW ULIB Ver.6.0+V

เปลี่ยนเป็นภาษาไทย

Change to English
 แสดงรายละเอียดบรรณานุกรม
  กลับหน้าหลัก

Brief Record : Get Marc (ISO 2709) : E-mail record : QR code < ปิดหน้าต่าง
LEADER : 00000nam 2200000uu 4500
001    13399111551
003     ULIB
008    110701s2549||||th 000 0 tha d
020    9749508556
060 04 WB205^bส576ต 2549
100 0  สันต์ หัตถีรัตน์
245 10 ตำราซักประวัติและตรวจร่างกาย /^cสันต์ หัตถีรัตน์
250    พิมพ์ครั้งที่ 2 (ปรับปรุง)
260    กรุงเทพฯ :^bหมอชาวบ้าน,^c2549
300    328, [1] หน้า ;^bภาพประกอบ ;^c27 ซม.
650  7 การซักประวัติผู้ป่วย
650  7 การตรวจร่างกาย
995    ทศพร
999 ^a ใช้งานได้ทุกระบบ
รายการนี้ยังไม่มีแท็ก
คุณยังไม่ได้ล็อกอิน คุณสามารถมีกิจกรรมร่วมกับเว็บไซต์ได้ แต่ต้องล็อกอินก่อน ::
  ล็อกอิน

รายการสื่อสารสนเทศ

ลำดับที่ ประเภท เลขเรียก/บาร์โค้ด สถานที่ สถานะ
- ไม่พบข้อมูล -

รายการใกล้เคียง
    ผู้แต่ง [สันต์ หัตถีรัตน์]

    หัวเรื่อง [การซักประวัติผู้ป่วย]
    หัวเรื่อง [การตรวจร่างกาย]

BibComment


ยังไม่เคยถูกคอมเมนท์

คอมเมนท์ทรัพยากรรายการนี้
  คอมเมนท์: ตำราซักประวัติและ..


 Copyright 2026. Bcnsprnw @Library